Statistics for World Capitals Closest to Kuwait City - One Minute Sprint

Click here to take the quiz!

General Stats

  • This quiz has been taken 13 times
  • The average score is 14 of 20

Answer Stats

kmcapitalmiles% Correct
1190Jerusalem739
100%
772Tehran480
100%
557Baghdad346
92%
1199Damascus745
92%
838Abu Dhabi527
85%
1809Ankara1124
85%
576Doha358
85%
534Riyadh332
85%
1189Amman739
77%
1284Beirut798
77%
1619Cairo1006
77%
1218Muscat757
69%
1241Baku771
62%
435Manama270
62%
1515Nicosia941
62%
1244Yerevan773
62%
1607Sana'a998
46%
1402Tbilisi871
46%
1353Ashgabat841
31%
1818Asmara1130
8%

Score Distribution

Percentile by Number Answered

Percent of People with Each Score

Your Score History

You have not taken this quiz